000 00472nam a2200181Ia 4500
001 4344
005 20260306145749.0
008 260306t2013||||xx |||||||||||||| ||spa||
041 _aESP
082 _a320.983
_bB141
100 _aBiblioteca del Congreso Nacional de Chile
_eAUT
245 0 _aEduardo Frei Montalva:
_bfe, política y cambio social
260 _c2013
300 _a295 páginas :
_c22 cm.
650 _aGEN
654 _aCDE
942 _cLIB
_dJUS
_fJUS
_2ddc
_n
999 _c4344
_d4344